01270 2200205 4500001002100000005001500021035002000036008004100056245003400097100001500131250000600146260003800152300001200190084001400202082000800216650001000224520080600234990001201040990001201052INLIS00000000000132920240520104102 a0010-0524000564240520 1 ind 1 aShort Girl Story /cTia Marty aMarty, Tia a1 aYogyakarta :bSheila/ Andi,c2014 a154 hlm a813 TIA s a813 4aFiksi aGadis bertubuh pendek itu bernama Sasha. Tingginya hanya 148 cm. Karena kekurangannya itu, ia terobsesi ingin bertambah tinggi. Berbagai cara dilakukannya. Mulai fitness, berenang, dan memesan alat penambah tinggi badan via facebook. Namun, ia tertipu oleh penjualan online. Ludes semua uang jajan yang selama berbulan-bulan disimpannya. Hal itu tidak menghentikan keinginannya untuk bertambah tinggi. Obsesi Sasha untuk meninggikan badanya makin mengebu-gebu, saat ia bertemu dengan Lex, pemain basket yang ganteng dan tubuhnya jangkung 180 cm. Saat itu bola yang Lex lempar tidak sengaja mengenai Sasha. Apakah dia mampu mendapatkan cinta Lex yang ternyata pernah bersumpah untuk tidak pacaran dengan cewek pendek manapun? Yuk ikuti kisah Sasha yang penuh perjuangan dan pengorbanan dalam novel ini. a0741500 a0741501